| 000 | 00944cam a22002894a 4500 | ||
|---|---|---|---|
| 001 | 000000918 | ||
| 003 | DO-SdBNP | ||
| 005 | 20250730150848.0 | ||
| 008 | 050928s2006 nq bc b 001 0 eng | ||
| 020 | _a9780816525119 | ||
| 020 | _a0816525110 | ||
| 040 |
_aDO-SdBNP _cDLC _dDLC |
||
| 042 | _apcc | ||
| 043 | _ancnq--- | ||
| 082 | 0 | 0 |
_a394.2697285 _bB644u |
| 100 | 1 |
_aBorland, Katherine. _93245 |
|
| 245 | 1 | 0 |
_aUnmasking class, gender, and sexuality in Nicaraguan festival / _cKatherine Borland. |
| 260 |
_aTucson : _bUniversity of Arizona Press, _c2006. |
||
| 300 |
_a223 p. : _bil., mapas ; _c24 cm. |
||
| 504 | _aBibliografía: p. [209]-218 | ||
| 650 | 0 |
_aFiestas folclóricas _93246 |
|
| 650 | 4 |
_aFestividades religiosas _zNicaragua _zMasaya _93247 |
|
| 650 | 0 |
_aFolclore _zNicaragua _zMasaya _933448 |
|
| 651 | 4 |
_aMasaya (Nicaragua{Rpara} _xVida social Yy costumbres _93249 |
|
| 910 | _aCatalogación por copia/Lc | ||
| 942 |
_2ddc _cLBS1 |
||
| 999 |
_c909 _d909 |
||